000
00325nam a22001457a 4500
008
230428b ||||| |||| 00| 0 eng d
020
_a
084441056
041
_a
eng
080
_a
34
082
_a
34
100
_a
31
101
_a
JURED
245
_a
READING PUBLISHING IN TE COLD WAR
_c
ANGHELESCU.B.G.H
942
_2
udc
_c
BK
999
_c
59638
_d
59638